| 000 | 00595nam a22001817a 4500 | ||
|---|---|---|---|
| 005 | 20150814114942.0 | ||
| 010 | _aENG-113502 | ||
| 020 |
_c395.00 _a9357940359 |
||
| 020 |
_c395.00 _a9789357940351 |
||
| 035 | _aEN-97034 | ||
| 037 | _bDBAD/PUB | ||
| 082 | _a000 | ||
| 245 |
_aGeneral studies solved & practice papers : _bfor understanding the pattern of UPSC Civil Servies exam and thorough practice |
||
| 260 |
_aNew Delhi _bV&S Publishers _c2015 |
||
| 270 |
_aF-216, Ansari Road, Daryaganj _bNew Delhi _e110002 |
||
| 300 |
_a328p. _c28cm(pbk) |
||
| 942 |
_2ddc _cEN _mGEN _h000 |
||
| 999 |
_c94985 _d94985 |
||